000 00833cab a2200241 4500
001 ABS50299
008 090401t1994 xxu||||| |||| 00| 0 eng d
035 _a(Sirsi) u75158
041 _aeng
100 _aHowes, R.
245 _aCompulsory competitive tendering extends to housing management
260 _c1994
350 _a0
490 _aCSM (Chartered Surveyor Monthly)
_v3(6) March 1994, 44(1)
520 _aDiscusses the extension of compulsory competitve tendering (CCT) to housing management with effect from April 1986. Reviews the eight pilot schemes in which each authority is looking at one aspect of housing management.
650 _aCCT
650 _aCONTRACTING OUT
650 _aHOUSING MANAGEMENT
650 _aPILOT SCHEME
690 _aBlock management
_96220
942 _n0
948 _c04/03/1997
999 _c47350
_d47350